Estándares orientadores para carreras de Educación Parvularia: estándares pedagógicos. Estándares disciplinarios

Guardat en:
Dades bibliogràfiques
Autor corporatiu: Ministerio de Educación (Autor)
Format: Llibre
Idioma:espanyol
Publicat: Santiago Ministerio de Educación 2012
Matèries:
Etiquetes: Afegir etiqueta
Sense etiquetes, Sigues el primer a etiquetar aquest registre!

MARC

LEADER 00000cam a2200000 a 4500
001 UCF3662
003 CL-VaPUC
008 121025e20120500CL |||||||||||||||||spa|d
020 |a 9789562923491 
082 0 4 |a 372.21  |b MIN  |2 21 
110 2 |a Ministerio de Educación  |e author  |9 565404 
245 1 0 |a Estándares orientadores para carreras de Educación Parvularia: estándares pedagógicos. Estándares disciplinarios 
300 |a 63 p 
942 |c BK 
945 |d 20121025 00:00:00  |a dcastane 
260 |a Santiago  |b Ministerio de Educación  |c 2012 
650 0 |a Educación parvularia  |9 310956 
650 0 |a Niños  |9 255605 
650 0 |a Condiciones sociales   |9 257278 
583 |a last modification  |c 20121025 12:11:00  |k Rodrigo Vera 
999 |c 349852  |d 349850 
952 |0 0  |1 0  |4 0  |6 372_210000000000000_MIN_2012  |7 0  |8 A  |9 452683  |a BIBEDU  |b BIBEDU  |c ES_NOD  |d 2019-11-22  |i 4917391  |o 372.21 MIN 2012  |p 4917391  |r 2023-08-09  |w 2019-11-22  |y BK  |k EPE 
952 |0 0  |1 0  |4 0  |6 372_210000000000000_MIN_2012  |7 0  |8 A  |9 452684  |a BIBEDU  |b BIBEDU  |c ES_NOD  |d 2019-11-22  |i 4917405  |o 372.21 MIN 2012  |p 4917405  |r 2023-08-09  |w 2019-11-22  |y BK  |k EPE 
952 |0 0  |1 0  |4 0  |6 372_210000000000000_MIN_2012  |7 0  |8 A  |9 452685  |a BIBEDU  |b BIBEDU  |c ES_NOD  |d 2019-11-22  |i 4917413  |o 372.21 MIN 2012  |p 4917413  |r 2023-08-09  |w 2019-11-22  |y BK  |k EPE 
952 |0 0  |1 0  |4 0  |6 372_210000000000000_MIN_2012  |7 0  |8 A  |9 452686  |a BIBEDU  |b BIBEDU  |c ES_NOD  |d 2019-11-22  |i 4917421  |o 372.21 MIN 2012  |p 4917421  |r 2023-08-09  |w 2019-11-22  |y BK  |k EPE 
952 |0 0  |1 0  |4 0  |6 372_210000000000000_MIN_2012  |7 0  |8 A  |9 452687  |a BIBEDU  |b BIBEDU  |c ES_NOD  |d 2019-11-22  |i 491743K  |o 372.21 MIN 2012  |p 491743K  |r 2023-08-09  |w 2019-11-22  |y BK  |k EPE 
952 |0 0  |1 0  |4 0  |6 372_210000000000000_MIN_2012  |7 0  |8 A  |9 452688  |a BIBEDU  |b BIBEDU  |c ES_NOD  |d 2019-11-22  |i 4921429  |o 372.21 MIN 2012  |p 4921429  |r 2023-08-09  |w 2019-11-22  |y BK  |k BME 
952 |0 0  |1 0  |3 erb  |4 0  |6 372_210000000000000_MIN_2012  |7 0  |8 A  |9 452689  |a BIBMAT  |b BIBMAT  |c E_DIDACT  |i 5033217  |o 372.21 MIN 2012  |p 5033217  |r 2025-01-07  |w 2019-11-22  |y BK  |z Catalogado en:20131213  |k MAT